000 00534nam a2200169 i 4500
001 121217
003 ES-MaACL
005 20230906191719.0
007 t|
008 070214s1928 sp r ||||1| spa d
100 1 _aPonte Escartín, Galo.
_993054
245 1 3 _aEl arbitrio judicial en el nuevo Código penal /
_cdiscurso leído por Galo Ponte Escartín en la apertura de los tribunales.
260 _aMadrid :
_bReus,
_c1928.
300 _a122 p. ;
_c24 cm.
650 4 _aArbitrio judicial.
_9162041
852 4 _aES-MaACL
_jG-13835
999 _c121217
_d121217